[Event "Olympiad-42"]
[Site "Baku"]
[Date "2016.09.05"]
[Round "4.1"]
[White "Jobava, Baadur"]
[Black "Topalov, Veselin"]
[Result "1-0"]
[WhiteElo "2665"]
[BlackElo "2768"]
[Annotator "Marin,M"]
[PlyCount "83"]
[EventDate "2016.09.02"]
[EventType "team-swiss"]
[EventRounds "11"]
[EventCountry "AZE"]
[SourceTitle "CBM 175"]
[Source "ChessBase"]
[SourceDate "2016.11.10"]
[SourceVersion "1"]
[SourceVersionDate "2016.11.10"]
[SourceQuality "1"]
[WhiteTeam "Georgia"]
[BlackTeam "Bulgaria"]
[WhiteTeamCountry "GEO"]
[BlackTeamCountry "BUL"]

1. d4 Nf6 2. Nc3 {The Veresov Attack is starting to be an outdated name for
this system after Baadur has made it his favourite and most effective weapon.
So what about Jobava Hyperattack?!} d5 3. Bf4 e6 ({I was amused to find an old
game played very much in Baadur's style:} 3... a6 4. e3 Bf5 5. Nf3 h6 6. Ne5
Nbd7 7. g4 Bh7 8. h4 $36 {Alekhine,A-Rometti,B Nice 1937 (1/2-1/2, 21)}) ({
There are plenty of Jobava's games with annotations available already:} 3...
Bf5 4. f3 e6 5. g4 (5. Qd2 {Naiditsch,A (2718)-Harikrishna,P (2706) Wijk aan
Zee 2014 CBM 159 [Ftacnik,L] (0-1, 19)}) 5... Bg6 6. h4 {0-1 (80) Jobava,B 
(2699)-Nakamura,H (2799) Khanty-Mansiysk 2015 CBM 167 [Sumets,A]}) (3... c5 4.
e3 cxd4 5. exd4 a6 (5... e6 6. Nb5 Na6 7. c3 Be7 8. Nf3 O-O 9. Bd3 Bd7 10. a4
Bxb5 11. axb5 Nc7 {Jobava,B (2669)-Kovalenko,I (2668) Almaty 2016 (1-0, 61)})
6. Bd3 Nc6 7. Nge2 {Jobava,B (2665)-Ponomariov,R (2709) Baku 2016 (1-0, 21)}) (
{Even though I like the kingside fianchetto even in systems where this is not
typical, I have some reserve with respect to} 3... g6 {since it offers White
more fluent play than he is supposed to have after placing his knight in front
of the c-pawn:} 4. Qd2 Bg7 5. Bh6 Bxh6 6. Qxh6 Bf5 (6... c5 7. e3 Nc6 8. O-O-O
cxd4 9. exd4 Qd6 10. f3 a6 11. Nge2 Bd7 12. Kb1 Rc8 13. Nc1 Na5 14. Nb3 Nxb3
15. axb3 b5 16. Bd3 Bf5 17. Bxf5 gxf5 18. Rhe1 $16 {Black's king is stuck in
the centre and there is no counterplay at all.} Rg8 $2 {This is by far not the
only case when Baadur's opponent blunders something very simple.} 19. Nxd5 $1
Qxd5 20. Qxf6 {Jobava,B (2713)-Van Wely,L (2654) Dubai 2014 (1-0, 25)}) 7. Qd2
c5 8. e3 cxd4 9. exd4 Nc6 10. f3 h5 {Ambitious strategically but leaving the
king short of safe places.} 11. Bb5 Qd6 12. Nge2 a6 13. Bxc6+ Qxc6 14. O-O h4
15. a4 a5 16. Rfe1 Kf8 17. Nf4 e6 18. Rac1 Ne8 19. Nb5 Nd6 {Jobava,B (2661)
-Demchenko,A (2589) Gjakova 2016 (1-0, 44)} 20. c4 $5 dxc4 21. d5 Qc5+ 22. Kh1
$36 {[%csl Rf8,Rh8][%cal Gd4h8]}) 4. Nb5 ({Deviating from his previous
favourite} 4. e3 Bd6 (4... Bb4 5. Bd3 c5 6. dxc5 $5 {Giving up the centre is
justified by the fact that the f8-bishop has moved already. In the game Black
will try retrieving the pawn without losing a tempo but things will prove not
that simple.} Nbd7 7. Nge2 O-O 8. Bd6 Re8 9. Bb5 a6 10. Bxd7 Nxd7 11. Qd4 Qa5
12. O-O-O Bxc5 13. Bxc5 Qxc5 14. e4 $14 {Jobava,B (2708)-Korneev,O (2581)
Sochi 2014 (1-0, 45), with better development and chances to get the control
over the dark squares.}) 5. Nf3 O-O (5... a6 6. Bd3 h6 7. O-O c5 8. dxc5 {
The same issue.} Bxc5 9. e4 {And the also familiar central break.} dxe4 10.
Nxe4 Nxe4 11. Bxe4 Qxd1 12. Rfxd1 Nd7 13. c4 g5 14. Bd2 a5 15. a3 g4 16. Bc3
Rg8 17. Nd4 $16 {Jobava,B (2673)-Rakhmanov,A (2640) Minsk 2015, Once again
White has an advance in development plus a dangerous queenside majority.}) 6.
Bd3 b6 (6... c5 7. dxc5 Bxc5 8. O-O Nc6 9. e4 dxe4 10. Nxe4 Nxe4 11. Bxe4 Qf6 {
Jobava,B (2705)-Malakhov,V (2716) Warsaw 2013 (0-1, 19), White sacrificed the
b2-pawn and then a piece, resigning just a few moves later. But} 12. Qc1 h6 13.
c3 e5 14. Be3 Bxe3 15. Qxe3 {would have retained some slight pressure.}) 7. O-O
Bb7 8. Re1 Nbd7 9. Ne5 a6 10. Qf3 Be7 11. Qh3 c5 12. a3 c4 13. Be2 b5 14. Qg3
Ne8 15. Bf3 f5 $6 {Probably aimed at preventing e3-e4, but weakening the dark
squares a lot. Black probably relied on the half blocked character of the
position.} 16. Nxd7 Qxd7 17. Be5 Nf6 18. Ne2 Rad8 19. Nf4 Bd6 20. b4 Bc6 21. h4
$14 {Jobava,B (2713)-Radjabov,T (2724) Dubai 2014 (1/2-1/2, 59)}) 4... Na6 {
Since the knight is not stable on b5, we can say that White has invested two
tempi in forcing the enemy knight into developing far from the crucial
e5-square.} (4... Bb4+ 5. c3 Ba5 {is a somewhat unnatural way of defending c7.}
6. a4 a6 7. b4 axb5 $6 ({In a blitz game it is easy to overlook that} 7... Bxb4
$11 {actually works since} 8. Nxc7+ $2 Qxc7 9. Bxc7 Bxc3+ {retrieves the
material with interest.}) 8. axb5 b6 9. bxa5 bxa5 10. e3 Nbd7 11. Nf3 Bb7 12.
Bd3 $16 {Jobava,B (2669)-Gelfand,B (2734) Almaty (blitz) 2016 (1-0, 48)}) 5. a3
c6 {With the exception of a couple of games between low rated players, this is
a new move.} (5... Be7 {eventually transposed to some sort of Bf4 Queen's
Gambit:} 6. e3 O-O 7. Nf3 b6 8. c4 Bb7 9. Qc2 c6 10. Nc3 c5 11. Rd1 cxd4 12.
Nxd4 Nc5 13. Be2 Qc8 14. O-O {Jobava,B (2664)-Swiercz,D (2617) Abu Dhabi 2015 
(½-½, 65), with only some light pressure.}) 6. Nc3 Bd6 7. e3 {The most
principled decision, avoiding speeding up Black's development, but} (7. Bxd6 {
is not that bad either.} Qxd6 8. e3 Nc7 9. Nf3 O-O 10. Bd3 b6 11. O-O Bb7 12.
Ne5 c5 13. Qf3 {with typical Queen's Pawn Opening play.}) 7... Nc7 8. Nf3 Bxf4
{White was threatening Ne5 when Black's queen would have remained confined to
just a few passive squares. After this exchange, strengthening White's control
over e5, the queen gets the perfect d6-square.} (8... O-O 9. Ne5 c5 {The only
constructive plan since ...b7-b6 leaves the c6-pawn undefended.} (9... Nfe8 10.
Bd3 f6 $6 11. Qh5 $1) 10. dxc5 Bxc5 11. Bd3 Nd7 12. O-O Nxe5 13. Bxe5 f6 14.
Bg3 e5 15. b4 Be7 16. Qh5 g6 17. Bxg6 hxg6 18. Qxg6+ Kh8 19. f4 $36) ({But
starting with} 8... b6 9. Ne5 Bb7 10. g4 {offers White a kingside initiative
anyway.}) 9. exf4 Qd6 10. Ne5 b6 {Now this natural developing move is
perfectly fine.} 11. Qf3 c5 12. Nb5 $5 {Typical for Jobava but probably not
best. Rather than consolidating his control on the dark squares White changes
the character of the position completely.} (12. Qe3 {looks more natural and if}
O-O {White can continue extravagantly with} 13. h4 {or 13.g4.}) 12... Nxb5 13.
Bxb5+ Bd7 (13... Nd7 14. f5 $36) 14. Nxd7 Nxd7 15. O-O-O O-O ({With his
development incomplete Black cannot afford to take measures against f4-f5:} 
15... g6 $6 16. dxc5 Qxc5 17. c4 $36 {True, the ending arising after} a6 18.
Qc3 $1 Rf8 19. Bxd7+ Kxd7 20. cxd5 Rac8 {is not necessarily lost, but why give
up a pawn so easily?}) 16. Bxd7 Qxd7 17. f5 Qe7 (17... exf5 18. dxc5 $14 {
[%csl Gd5]}) 18. Rhe1 cxd4 {At this high point of the game releasing the
tension is not necessary, but we cannot call it a concession either.} ({
Black could try activating his queen's rook:} 18... Rac8 {since} 19. fxe6 (19.
dxc5 Rxc5) 19... fxe6 20. Qxd5 exd5 21. Rxe7 Rxf2 {is about equal.}) ({But if
he plays in similar way as in the game, ...cxd4 would probably be best a few
moves later anyway:} 18... Qf6 19. Qf4 (19. fxe6 fxe6 20. Qxf6 Rxf6 21. dxc5
bxc5 22. f4 Kf7 23. c4 Rd8 24. g3 Rf5 {should not be a problem for Black.})
19... g6 ({A safer move is} 19... Rae8 20. Re5 {when there does not seem to be
anything better than transposing to the game with} cxd4 21. Rxd4) 20. g4 exf5
21. gxf5 Rae8 22. Re5 Qd6 23. Qg3 {with some slight pressure.}) 19. Rxd4 Qf6
20. Qf4 Rae8 21. Re5 {White has invaded the central dark squares and has some
slight pressure but it remains an open question whether he can make progress
in any way.} exf5 {Objectively correct but in the long run a somewhat risky
decision since simplifying to a pawn ending would offer White an easy win.} ({
But it was not simple for Black to free himself for instance} 21... g6 22. Kb1
(22. fxe6 Qxf4+ 23. Rxf4 fxe6 24. Rxf8+ Kxf8 $11) (22. g4 exf5 23. Rdxd5 Rxe5
24. Rxe5 Qh4 25. f3 h5 $15) 22... gxf5 $2 23. g4 $16 {[%csl Rg8]}) 22. Rdxd5
Rxe5 23. Rxe5 g6 24. Re2 Rd8 25. Qe5 Qc6 26. f3 a5 ({For the time being Black
is under no pressure and he can choose on which wing to advance his pawns.} 
26... h5 $5) 27. b3 b5 {This pawn will be a potential weakness in a short
while.} (27... a4 28. b4 Rc8 29. Kb2 Qc4 $11) 28. Kb2 a4 29. b4 Qc4 $6 {
The first cause of Black's future problems.} (29... h5 30. Qc3 Qd7 31. Re5 $14
{[%csl Gb5]}) ({He should have kept the control over the c-file with} 29... Rc8
$1 $11) 30. Re3 $1 {[%csl Gb5,Gc2][%cal Ge3c3,Gc3c5]} Qf1 (30... Rc8 $2 31. Rc3
{transposes to a won pawn ending.}) ({But neutral moves do not promise full
equality either:} 30... h5 31. Rc3 Qf1 (31... Qh4 32. h3 Qf2 33. g3 {is
similar.}) 32. g3 Qf2 33. Qxb5 Qxh2 34. Qe5 $16 {[%cal Gb4b8]}) 31. Re2 $1 {
A fantastic move! The rook returns tothe previous square cutting the queen off
from the b5-pawn.} Rd1 32. Qxb5 Rb1+ $6 ({It would have relatively been better
to keep the control over the d4-square as Black could deliver the check on b1
at any later moment. However, this would not have spared him problems:} 32...
Kg7 33. Qe5+ Kh6 34. b5 Ra1 35. Kc3 Rxa3+ 36. Kb4 Ra1 37. c4 $16) 33. Kc3 Kg7
34. Qe5+ Kh6 35. Qe3+ Kg7 36. Qf2 Qh1 37. Qd4+ $1 {This is the difference!
White gains an important tempo.} Kh6 38. Re7 $6 {It was tempting of course to
play with the queen in the centre but} (38. Qf4+ $1 Kg7 39. Kc4 $18 {was more
convincing, defending the kingside pawns and sustaining the pawns' march with
the king.}) 38... Qxg2 {[%csl Gc3][%cal Gg2f3]} (38... Qxh2 39. Rxf7 $18) 39.
Qd2+ Qxd2+ 40. Kxd2 {The rook ending looks very promising but will be winning
only after Black's next mistake.} Ra1 $2 ({It was essential to activate the
king with} 40... Kg5 $1 41. Rxf7 ({The pawn ending is drawn now:} 41. Re1 Rxe1
42. Kxe1 Kf6 {The king is just in time to stop the advance of the b-pawn.} 43.
c4 Ke5 44. Ke2 Kd4 45. c5 Kd5 46. Ke3 g5 47. h3 h5 $11) 41... Kf4 42. c4 $16 {
White is of course much better but Black has certain counter-chances.}) 41. Re1
$1 Rxa3 (41... Rxe1 42. Kxe1 {[%csl Gb4,Gb5,Gb6,Gb7,Gb8,Gc4,Gc8,Gd4,Gd8,Ge4,
Ge8,Gf4,Gf5,Gf6,Gf7,Gf8,Rh6]}) 42. b5 (42. b5 Ra2 43. Rb1 $18) 1-0

[Event "Tata Steel-A 79th"]
[Site "Wijk aan Zee"]
[Date "2017.01.29"]
[Round "13"]
[White "Nepomniachtchi, Ian"]
[Black "So, Wesley"]
[Result "0-1"]
[WhiteElo "2767"]
[BlackElo "2808"]
[Annotator "Meier,Georg"]
[PlyCount "56"]
[EventDate "2017.01.14"]
[EventType "tourn"]
[EventRounds "13"]
[EventCountry "NED"]
[EventCategory "21"]
[SourceTitle "CBM 177"]
[Source "ChessBase"]
[SourceDate "2017.03.16"]
[SourceVersion "1"]
[SourceVersionDate "2017.03.16"]
[SourceQuality "1"]

{After such a long event, I believe that the last round can be fraught with
emotions, especially for the players who feel like they suffered through their
tournament. I suspect that Nepo brought quite a bit of frustration to the
board and desperately wanted to redeem himself.} 1. d4 Nf6 2. Bg5 d5 3. Nd2 c5
4. dxc5 e6 5. e4 h6 6. Bh4 dxe4 7. Qe2 Qa5 8. O-O-O $6 {19th-century-style.} ({
After} 8. c3 Nbd7 9. Nxe4 Nxe4 10. Qxe4 Qxc5 11. Nf3 Be7 {it is about to look
like a Rubinstein-French - my pet opening. Black would be close to equality
and certainly Ian was in no mood for this.}) 8... Qxa2 9. Qb5+ $4 {The queen
goes to no-man's-land, and I just can't see any point to it. I guess Ian gave
in to another impulse.} ({Of course White should eliminate the knight and
recapture on e4, but after} 9. Bxf6 Qa1+ 10. Nb1 gxf6 11. Qxe4 a6 $1 {stopping
Bb5, Black has no reason to worry - the bishop pair is an asset and White has
no initiative.} 12. Nf3 Nd7) 9... Nbd7 10. c6 (10. Bxf6 a6 $1 {just kills
White's clumsy coordination}) 10... bxc6 11. Qxc6 Bb7 $1 12. Qxb7 Qa1+ 13. Nb1
Rb8 {And that's it - game over!} 14. Qxb8+ Nxb8 15. Bb5+ Nfd7 16. Ne2 Be7 17.
Bxe7 Kxe7 18. Nd4 Nc5 19. h4 Rd8 20. Rh3 Nd3+ 21. Bxd3 Rxd4 22. Be2 Rxd1+ 23.
Bxd1 Qa5 24. Nd2 f5 25. Rg3 Qe5 26. Ra3 Nc6 27. g3 Qd4 28. Re3 Nb4 0-1

[Event "Olympiad-42"]
[Site "Baku"]
[Date "2016.09.09"]
[Round "7.1"]
[White "Jobava, Baadur"]
[Black "Lupulescu, Constantin"]
[Result "1-0"]
[WhiteElo "2665"]
[BlackElo "2618"]
[Annotator "Mekhitarian,K"]
[PlyCount "89"]
[EventDate "2016.09.02"]
[EventType "team-swiss"]
[EventRounds "11"]
[EventCountry "AZE"]
[SourceTitle "CBM 175"]
[Source "ChessBase"]
[SourceDate "2016.11.10"]
[SourceVersion "1"]
[SourceVersionDate "2016.11.10"]
[SourceQuality "1"]
[WhiteTeam "Georgia"]
[BlackTeam "Romania"]
[WhiteTeamCountry "GEO"]
[BlackTeamCountry "ROU"]

1. d4 d5 2. Nc3 {The 'Jobava' opening, very common nowadays} c5 $5 {Lupulescu
takes up the challenge and goes into a complicated position, against the ever
original Georgian grandmaster} 3. dxc5 (3. e4 $5 dxe4 4. Bb5+ Bd7 5. dxc5 Nf6
$13 {The biggest difficulty I see in these positions is that there are no
patterns to be followed, everything is very original and new. And recognising
patterns is one of the biggest quality that strong players have, meaning
playing original positions demands other qualities, like an 'adaptability' to
different positions.}) 3... Nf6 (3... d4 $5 4. Ne4 Nf6 5. Nxf6+ exf6 {looks
balanced as well. It is important to mention that all of this is highly
unexplored.}) 4. e4 $146 {It is rare to find a novelty as early as the 4th
move nowadays!} d4 5. Bc4 Nc6 (5... dxc3 $4 {would be too naive.} 6. Bxf7+ Kxf7
7. Qxd8 $18) 6. Nd5 $1 Nxe4 7. Bf4 e5 8. Qe2 {Jobava is always faithful to his
uncompromising style of play and shows extreme energy in the first moves.} Bf5
(8... Nxc5 9. Bxe5 Nxe5 10. Qxe5+ Ne6 11. O-O-O Bd6 12. Qe4 O-O 13. Nf3 $14) (
8... f5 $6 {would have been really irresponsible} 9. f3 d3 10. cxd3 Nd4 11. Qd1
exf4 12. dxe4 Bxc5 13. b4 $1 Bb6 14. Nh3 $36) 9. f3 exf4 (9... Nf6 $5 {was a
very promising and interesting alternative} 10. Bxe5 Nxd5 11. Bc7+ (11. Bxg7+
$2 Ne3 12. Bxh8 Qe7 $1 $19) 11... Qe7 12. Bxd5 Nb4 13. Bxb7 Nxc2+ 14. Kd2 Kd7
$1 15. Bf4 (15. Bxa8 Kxc7 $44) 15... Qxc5 16. Bxa8 {looks insanely dangerous
for White. For example:} d3 (16... Qa5+ 17. Kd1 d3 18. Bc6+ Kxc6 19. Qe8+ Kb7
20. Qxf7+ Ka6 21. Qc4+ Kb7 22. Qf7+ Ka6 $11) 17. Qe5 Qf2+ 18. Kc3 Bb4+ 19. Kb3
{and somehow Black can't mate!} Be6+ (19... Nxa1+ 20. Kxb4 Qb6+ 21. Ka4 $1 Qa6+
22. Kb4 Qb6+ 23. Ka4 $11) 20. Bd5 $1 (20. Ka4 $2 Rxa8 $19) 20... Nxa1+ 21. Kxb4
Qb6+ 22. Kc3 Rc8+ 23. Kd2 Qa5+ (23... Rc2+ $2 24. Kd1 Rxg2 25. Bxe6+ fxe6 26.
Nh3 $16) 24. Kxd3 Qb5+ 25. Ke3 Qc5+ 26. Ke4 Qc2+ 27. Ke3 Qc5+ 28. Ke4 $11) (
9... Nxc5 10. Bxe5 Ne6 11. Nc7+ Nxc7 12. Bxc7+ Qe7 13. O-O-O Rc8 14. Bg3 $14 {
looks slightly better for White, because of the weak d4-pawn.}) 10. fxe4 Be6
11. O-O-O Bxc5 12. Nxf4 (12. Nf3 O-O 13. Nxf4 Bxc4 14. Qxc4 $11 {would be
similar to the game.}) 12... Qg5 13. g3 Bxc4 14. Qxc4 Bd6 15. Kb1 $1 Bxf4 16.
Nh3 Qg4 17. Nxf4 O-O 18. Qb5 Rab8 19. Rde1 Rfe8 $11 {Black definitely has
solved his opening problems and achieved a balanced position.} 20. a3 Re5 21.
Qb3 Na5 22. Qd3 Nc6 23. Re2 Rbe8 24. Rhe1 Qd7 25. Nd5 {Now there is a lot of
shuffling around in the next moves. It would be interesting to know the time
situation here, because both players will basically do nothing until the 34th
move.} Qg4 26. Ka2 h6 27. Kb1 Kh8 28. Nc7 R8e7 29. Nd5 Re8 30. Nf4 Qd7 31. Qd2
Qg4 32. Qd3 Qd7 33. h3 Rc5 34. Nd5 {Jobava gives away the h-pawn, probably
already in a time scramble.} Qxh3 {Good decision, and a brave one!} 35. Qd2 {
Threatening Rh2.} Qg4 36. Rh2 Kg8 $2 (36... Re6 $1 {was necessary} 37. Nf4 (37.
Reh1 $6 Qxe4 38. Rxh6+ $2 gxh6 39. Rxh6+ Kg7 $19) 37... Rd6 $17 {and it is
hard to imagine how White is going to create any attack after a move like ...
Ne5.}) 37. b4 $5 (37. Rxh6 $5 Rxd5 38. Rh4 Qxg3 39. Reh1 Qxh4 40. Rxh4 Rde5 41.
Qh2 f6 $16 {with excellent defensive chances, Black should not lose this
endgame.}) 37... Rc4 $2 (37... Rb5 $1 {it was incredibly difficult to
understand the defensive value of this move} 38. Rxh6 Qxg3 39. Rhh1 (39. Reh1
gxh6 40. Qxh6 Qg7 41. Nf6+ Kf8 42. Qxg7+ Kxg7 43. Nxe8+ Kg6 44. Nd6 Re5 $11 {
should end in a draw}) 39... Qxa3 $1 40. Qh2 (40. Nf6+ $2 gxf6 {and now there
is no mate on the g-file (if you compare to the 38th move analysis)} 41. Rh8+
Kxh8 42. Qh6+ Kg8 43. Rg1+ Rg5 $1 44. Rxg5+ fxg5 45. Qxg5+ Kf8 $19) 40... Rxb4+
41. Nxb4 Qxb4+ 42. Kc1 Qa3+ 43. Kd1 f6 $11 {and Black holds.}) 38. Rxh6 $1 $18
Ne5 (38... Qxg3 39. Rhh1 $1 {(with a devastating Reg1 threat)} Qxa3 40. Nf6+ $1
{now it works} gxf6 41. Rh8+ Kxh8 42. Qh6+ Kg8 43. Rg1+ Qg3 44. Rxg3#) 39. Reh1
Ng6 40. Rh7 $4 (40. Rh8+ $1 Nxh8 41. Qh2 $18 {forcing Black's resignation
right away.}) (40. Qh2 $1 $18) 40... Qxe4 $2 {Returning the favour. It is not
a coincidence that both 40th moves changed the game evaluation.} (40... Qf3 $1
{was the only defence, controlling the key f6-square. Not an easy move to make
in time trouble.} 41. Qh2 (41. Rxg7+ Kxg7 42. Qh6+ Kg8 43. Qh7+ Kf8 44. Qh6+
Kg8 $11) 41... f6 {and somehow Black is safe}) (40... Qe6 $2 41. Qh2 $18) 41.
Rxg7+ $1 Kf8 (41... Kxg7 42. Qh6+ Kg8 43. Nf6#) 42. Rg8+ $1 Kxg8 43. Nf6+ Kg7
44. Nxe4 Rxe4 45. Qd3 {A very tense game. A big round of applause is due to
Jobava, who scored the olympiad's 3rd best performance - a stunning 2926, with
8 out of 10 on the 1st board against a 2686 rating average!} 1-0

[Event "Metz op 31th"]
[Site "Metz"]
[Date "2013.07.25"]
[Round "8"]
[White "Wirig, Anthony"]
[Black "Shchekachev, Andrei"]
[Result "1/2-1/2"]
[WhiteElo "2481"]
[BlackElo "2520"]
[Annotator "Metz Alekhine/Primel,D"]
[PlyCount "80"]
[EventDate "2013.04.20"]
[EventType "swiss"]
[EventRounds "9"]
[EventCountry "FRA"]
[SourceTitle "EXT 2016"]
[Source "ChessBase"]
[SourceDate "2015.10.08"]
[SourceVersion "1"]
[SourceVersionDate "2015.10.08"]
[SourceQuality "1"]
[TimeControl "40/5400:1800+30"]
[WhiteClock "1:30:00"]
[BlackClock "1:30:00"]

1. d4 Nf6 2. Nc3 d5 3. Bf4 {Ce système un peu bizare a été popularisée
récemment par Jobava} a6 (3... g6 4. Qd2 Bg7 5. Bh6) (3... Bf5 4. f3 e6 5. g4
Bg6 6. h4 h6 7. e3 a6 8. h5 Bh7 9. Bd3 Bxd3 10. cxd3 {Jobava,B (2713)
-Nepomniachtchi,I (2730) Wch Rapid Dubai 2014 (13) 1-0} (10. Qxd3)) 4. e3 (4.
Nf3) 4... e6 5. a3 c5 $132 6. Nf3 Nc6 (6... b6 7. Ne5 Bb7 8. g4 Nfd7 9. Bg2
Nxe5 10. dxe5 Nc6 11. O-O Qc7 12. e4 d4 13. Nd5 exd5 14. exd5 Na5 15. Rb1 Qd7
16. b4 Nc4 17. e6 fxe6 18. dxe6 Qc8 19. Bxb7 Qxb7 20. Re1 Qd5 21. bxc5 Bxc5 22.
e7 Ra7 23. Bg3 Bxe7 24. Qd3 O-O 25. a4 b5 26. axb5 axb5 27. Qb3 Bd6 28. Qxb5
Qxb5 29. Rxb5 Bxg3 30. hxg3 Rc7 31. Rd1 Na3 32. Rb3 Nxc2 33. Rbd3 Rfc8 34. Kg2
Rc3 35. R3d2 d3 {0-1 (35) Fries Nielsen,J (2365)-Berczes,D (2528) Sweden 2013})
7. Ne5 $146 (7. Be2 Bd6 8. Bxd6 Qxd6 9. Na4 cxd4 10. exd4 O-O 11. Nb6 Rb8 12.
c3 Na5 13. Nxc8 Rfxc8 14. O-O b5 15. Bd3 Nc4 16. Qc2 h6 17. Rfe1 Nd7 18. h3 a5
19. Bh7+ Kh8 20. Bd3 Qb6 21. g3 b4 22. axb4 axb4 23. Qe2 bxc3 24. bxc3 Qd6 25.
Ra7 Rb2 26. Qd1 Qc6 27. Re2 Rcb8 {1/2-1/2 (27) Krecak,Z (2314)-Vinchev,S (2348)
ICCF email 2012}) 7... Bd7 8. Be2 (8. Bd3) 8... cxd4 9. exd4 Qb6 10. Nxc6 Bxc6
11. Rb1 Be7 12. O-O O-O 13. Bd3 Rfd8 (13... Rfc8) 14. Ne2 Bb5 $11 15. c3 Bxd3
16. Qxd3 Nd7 17. Qg3 Rdc8 (17... Rac8 18. Rfe1 a5 19. h4) 18. Rfe1 a5 19. h4
Qd8 20. h5 Nf6 21. Qh3 Ne4 22. Ng3 Nxg3 23. Qxg3 b5 24. Re3 (24. h6) 24... b4
25. axb4 axb4 26. cxb4 Bh4 27. Qg4 Bf6 28. Rd1 Rc4 29. Be5 Bxe5 30. Rxe5 Qf6 (
30... Rxb4) 31. Qe2 Rxb4 32. g3 h6 33. Rd2 Rab8 34. Kg2 Qd8 $1 {[%csl Rb2,Rd4]
[%cal Gd8b6] La finale est encore égale mais les Blancs auront au mieux la
nulle alors que les Noirs peuvent encore jouer pour le gain à cause des deux
faiblesses.} 35. f4 Qb6 36. f5 Rxd4 37. fxe6 fxe6 38. Rc2 Re8 39. Qe3 Rb4 40.
Qe2 d4 {Suite illisible et nulle au 56ème coup} 1/2-1/2